书目信息 |
| 题名: |
2013全国硕士研究生入学考试心理学统考重难点手册基础备考
|
|
| 作者: | 爬爬 编著 | |
| 分册: | ||
| 出版信息: | 北京 世界图书出版公司北京公司 2012 |
|
| 页数: | 465,14页 | |
| 开本: | 26cm | |
| 丛书名: | ||
| 单 册: | ||
| 中图分类: | B84 | |
| 科图分类: | ||
| 主题词: | 心理学--研究生--入学考试--自学参考材料 , 心理学 | |
| 电子资源: | ||
| ISBN: | 978-7-5100-4579-0 | |
| 000 | 01165nam0 2200277 45 | |
| 001 | 1356780499 | |
| 005 | 20130515091951.01 | |
| 010 | @a978-7-5100-4579-0@dCNY69.00 | |
| 100 | @a20130108d2012 em y0chiy50 ea | |
| 101 | 0 | @achi |
| 102 | @aCN@b110000 | |
| 105 | @aa z 000yy | |
| 106 | @ar | |
| 200 | 1 | @a2013全国硕士研究生入学考试心理学统考重难点手册基础备考@A2013 Quan Guo Shuo Shi Yan Jiu Sheng Ru Xue Kao Shi Xin Li Xue Tong Kao Zhong Nan Dian Shou Ce Ji Chu Bei Kao@f爬爬[等]编著@FPa Pa [ Deng ] Bian Zhu |
| 210 | @a北京@c世界图书出版公司北京公司@d2012 | |
| 215 | @a465,14页@c图@d26cm | |
| 304 | @a编著者还有:笔为剑,Psyedu,司马紫衣 | |
| 312 | @a封面英文题名:Handbook of psychology core concepts for postgraduate entrance examination | |
| 330 | @a本书共七部分,主要内容有:心理学导论、发展心理学、教育心理学、实验心理学、心理统计学、心理测量学等。 | |
| 510 | 1 | @aHandbook of psychology core concepts for postgraduate entrance examination@zeng |
| 606 | 0 | @a心理学@x研究生@x入学考试@j自学参考材料 |
| 606 | 0 | @a心理学 |
| 690 | @aB84@v5 | |
| 701 | 0 | @a爬爬@APa Pa@4编著 |
| 801 | @aCN@bTANGWEI@c20130108 | |
| 905 | @b0829176-80@dB84@e1126@f5 | |
| 2013全国硕士研究生入学考试心理学统考重难点手册基础备考/爬爬[等]编著.-北京:世界图书出版公司北京公司,2012 |
| 465,14页:图;26cm |
| ISBN 978-7-5100-4579-0:CNY69.00 |
| 本书共七部分,主要内容有:心理学导论、发展心理学、教育心理学、实验心理学、心理统计学、心理测量学等。 |
| ● |
| 相关链接 |
|
|
|
|
正题名:2013全国硕士研究生入学考试心理学统考重难点手册基础备考
索取号:B84/1126
 
预约/预借
| 序号 | 登录号 | 条形码 | 馆藏地/架位号 | 状态 | 备注 |
| 1 | 0829176 | 208291766 | 第一样本阅览室/ [索取号:B84/1126] | 在馆 | |
| 2 | 0829177 | 208291775 | 教育系资料室/ [索取号:B84/1126] | 在馆 | |
| 3 | 0829178 | 208291784 | 教育系资料室/ [索取号:B84/1126] | 在馆 | |
| 4 | 0829179 | 208291793 | 教育系资料室/ [索取号:B84/1126] | 在馆 | |
| 5 | 0829180 | 208291800 | 第一借阅区/ [索取号:B84/1126] | 在馆 |